书目信息 |
| 题名: |
吴玉章论教育
|
|
| 作者: | 吴玉章 著 ;中国人民大学 编 | |
| 分册: | ||
| 出版信息: | 北京 中国人民大学出版社 2021.06 |
|
| 页数: | 345页, [2] 页图版 | |
| 开本: | 23cm | |
| 丛书名: | ||
| 单 册: | ||
| 中图分类: | G4-53 | |
| 科图分类: | ||
| 主题词: | 教育--jiao yu--文集 | |
| 电子资源: | ||
| ISBN: | 978-7-300-29251-9 | |
| 000 | 00971nam0 2200253 450 | |
| 001 | CAL 0120217209187 | |
| 005 | 20210719153802.1 | |
| 010 | @a978-7-300-29251-9@dCNY72.00 | |
| 100 | @a20210714d2021 em y0chiy0120 ea | |
| 101 | 0 | @achi |
| 102 | @aCN@b110000 | |
| 105 | @aaf a 000yy | |
| 106 | @ar | |
| 200 | 1 | @a吴玉章论教育@Awu yu zhang lun jiao yu@f吴玉章著@g中国人民大学校史研究室编 |
| 210 | @a北京@c中国人民大学出版社@d2021.06 | |
| 215 | @a345页, [2] 页图版@c图@d23cm | |
| 320 | @a有书目 (第337-343页) | |
| 330 | @a本书按时间顺序整理汇编了吴老半生从事教育的一些实践经验与理论思想, 有公开发表的文章、讲话, 也有写给特定对象的信件, 便于读者把握这位无产阶级教育家在不同人生阶段中思想的转变与延续。 | |
| 606 | 0 | @a教育@Ajiao yu@j文集 |
| 690 | @aG4-53@v5 | |
| 701 | 0 | @a吴玉章@Awu yu zhang@4著 |
| 712 | 02 | @a中国人民大学@Azhong guo ren min da xue@b校史研究室@Bxiao shi yan jiu shi@4编 |
| 801 | 0 | @aCN@b人天书店@c20210714 |
| 905 | @aTSG@b0002453@dG4-53@eW919@f2 | |
| 吴玉章论教育/吴玉章著/中国人民大学校史研究室编.-北京:中国人民大学出版社,2021.06 |
| 345页, [2] 页图版:图;23cm |
| ISBN 978-7-300-29251-9:CNY72.00 |
| 本书按时间顺序整理汇编了吴老半生从事教育的一些实践经验与理论思想, 有公开发表的文章、讲话, 也有写给特定对象的信件, 便于读者把握这位无产阶级教育家在不同人生阶段中思想的转变与延续。 |
| ● |
| 相关链接 |
|
|
|
正题名:吴玉章论教育
索取号:G4-53/W919
 
预约/预借
| 序号 | 登录号 | 条形码 | 馆藏地/架位号 | 状态 | 备注 |
| 1 | 1530707 | 215307077 | 社科库409/409社科库 1排1列1层/ [索取号:G4-53/W919] | 在馆 | |
| 2 | 1530708 | 215307086 | 社科库409/409社科库 1排1列1层/ [索取号:G4-53/W919] | 在馆 |